[Event "France 2019 - Accession"]
[Site "Chartres"]
[Date "2019.08.19"]
[Round "3.15"]
[White "Lux, Hugo De Melo"]
[Black "Hutois, Mickael"]
[Result "1-0"]
[WhiteElo "2401"]
[BlackElo "2279"]
[PlyCount "87"]
[EventDate "2019.08.??"]
[EventType "swiss"]
[EventRounds "9"]
[EventCountry "FRA"]
[WhiteTeam "Echecs 16"]
[BlackTeam "Echiquier de l'Erdre"]

1. e4 e5 2. Nf3 Nc6 3. d4 exd4 4. Nxd4 Qf6 5. Nb3 Qg6 6. f3 Bd6 7. Nc3 Bxh2 8.
Rxh2 Qg3+ 9. Ke2 Qxh2 10. Nd5 Nf6 11. Bf4 Qh4 12. Nxc7+ Kd8 13. Qd2 Rb8 14. Nd5
b6 15. Nxf6 gxf6 16. Bxb8 Nxb8 17. Re1 Ba6+ 18. Kd1 Bxf1 19. Rxf1 Rg8 20. Nd4
Qh2 21. g4 Qh3 22. Qe1 d5 23. exd5 Re8 24. Qf2 h5 25. Rg1 Re5 26. c4 hxg4 27.
Rxg4 Qh7 28. Re4 Rxe4 29. fxe4 Qxe4 30. Qxf6+ Ke8 31. Kd2 Nd7 32. Qh8+ Ke7 33.
Nc6+ Kd6 34. Qh2+ Kc5 35. b3 b5 36. Qf2+ Kd6 37. Qg3+ Kc5 38. Qf2+ Kd6 39. Qg3+
Kc5 40. b4+ Kb6 41. Qf2+ Kc7 42. Qxa7+ Kd6 43. c5+ Kxd5 44. Qxd7+ 1-0

[Event "France 2019 - Accession"]
[Site "Chartres"]
[Date "2019.08.19"]
[Round "3.16"]
[White "Fruchard, Cyrille"]
[Black "Travadon, Loic"]
[Result "1-0"]
[WhiteElo "2261"]
[BlackElo "2399"]
[PlyCount "99"]
[EventDate "2019.08.??"]
[EventType "swiss"]
[EventRounds "9"]
[EventCountry "FRA"]
[WhiteTeam "La Dame Noire"]
[BlackTeam "Cergy Pontoise Echecs"]

1. d4 d5 2. Nf3 e6 3. Bf4 Bd6 4. e3 Nf6 5. Bd3 O-O 6. O-O c5 7. c3 Qc7 8. Bxd6
Qxd6 9. Ne5 Nfd7 10. f4 f5 11. Nd2 Nxe5 12. fxe5 Qb6 13. Rb1 Nc6 14. Kh1 Bd7
15. Qh5 g6 16. Qh6 Nd8 17. Rg1 Nf7 18. Qf4 g5 19. Qf3 g4 20. Qf4 Nh8 21. h3
cxd4 22. exd4 Ng6 23. Qh6 Bb5 24. Bc2 Qa6 25. Nb3 b6 26. Nc1 Be8 27. Kh2 Qb7
28. Ne2 Qg7 29. Qxg7+ Kxg7 30. hxg4 fxg4 31. Bd3 h5 32. Kg3 Kh6 33. Rbf1 Bd7
34. Bxg6 Kxg6 35. Kh4 Bb5 36. Nf4+ Kh6 37. Rf2 Rf5 38. g3 Raf8 39. Rd1 a5 40.
b3 a4 41. Rdd2 R8f7 42. Rc2 Bc6 43. c4 axb3 44. axb3 dxc4 45. bxc4 Bf3 46. Nxe6
Be4 47. Rxf5 Bxf5 48. Rb2 b5 49. Rxb5 Bd3 50. Rb6 1-0

[Event "France 2019 - Accession"]
[Site "Chartres"]
[Date "2019.08.19"]
[Round "3.17"]
[White "Willems, Niels"]
[Black "Devallee, Jeremie"]
[Result "1/2-1/2"]
[WhiteElo "2351"]
[BlackElo "2270"]
[PlyCount "83"]
[EventDate "2019.08.??"]
[EventType "swiss"]
[EventRounds "9"]
[EventCountry "FRA"]
[WhiteTeam "Echecs Club Montpellier"]
[BlackTeam "C'Chartres Echecs"]

1. c4 c5 2. Nc3 Nc6 3. g3 g6 4. Bg2 Bg7 5. d3 d6 6. e4 e6 7. Nge2 Nge7 8. O-O
O-O 9. Be3 Nd4 10. Rb1 Nec6 11. a3 Qd7 12. b4 b6 13. e5 Bb7 14. exd6 cxb4 15.
axb4 Qxd6 16. c5 bxc5 17. bxc5 Nxe2+ 18. Nxe2 Qc7 19. Qa4 Rac8 20. d4 Rfd8 21.
Nc3 Ba8 22. Nb5 Qd7 23. Nd6 Rc7 24. Rfd1 Ne7 25. Qxd7 Rcxd7 26. Bg5 f6 27. Bd2
Bxg2 28. Kxg2 Nc6 29. Bc3 f5 30. d5 exd5 31. Bxg7 Kxg7 32. Rxd5 Ne7 33. Rd2 Nc8
34. Ra2 Nxd6 35. cxd6 Ra8 36. Ra6 Kf6 37. h4 Ke6 38. Re1+ Kf7 39. Rb1 Ke6 40.
Re1+ Kf7 41. Rb1 Ke6 42. Re1+ 1/2-1/2

[Event "France 2019 - Accession"]
[Site "Chartres"]
[Date "2019.08.19"]
[Round "3.18"]
[White "Sanchez, Louis"]
[Black "Ek, Alexandre"]
[Result "1-0"]
[WhiteElo "2331"]
[BlackElo "2188"]
[PlyCount "77"]
[EventDate "2019.08.??"]
[EventType "swiss"]
[EventRounds "9"]
[EventCountry "FRA"]
[WhiteTeam "Corsica Chess Club"]
[BlackTeam "Cercle d'Echecs de Villepinte"]

1. Nf3 Nf6 2. g3 b5 3. Bg2 Bb7 4. O-O e6 5. d3 d5 6. Nbd2 Be7 7. e4 c5 8. Re1
O-O 9. e5 Nfd7 10. Nf1 Re8 11. h4 f6 12. exf6 Bxf6 13. Ng5 Nf8 14. Qh5 Bxg5 15.
Bxg5 Qd7 16. Nd2 Qf7 17. Qxf7+ Kxf7 18. Nb3 Nbd7 19. Na5 Ba6 20. c4 Nb6 21.
cxb5 Bxb5 22. Nb7 Bxd3 23. Nxc5 Bg6 24. Nb7 Reb8 25. Nd6+ Kg8 26. Rec1 Nc8 27.
Nxc8 Rxc8 28. b4 Rab8 29. a3 Kf7 30. Be3 Rxc1+ 31. Rxc1 Rb7 32. Bf1 e5 33. Ba6
Re7 34. Bg5 Rd7 35. Bb5 Rd6 36. Rc7+ Kg8 37. Rxa7 Ne6 38. Ra8+ Kf7 39. Be8+ 1-0

[Event "France 2019 - Accession"]
[Site "Chartres"]
[Date "2019.08.19"]
[Round "3.19"]
[White "Degardin, Sylvain"]
[Black "Philippe, Guillaume"]
[Result "0-1"]
[WhiteElo "2189"]
[BlackElo "2321"]
[PlyCount "54"]
[EventDate "2019.08.??"]
[EventType "swiss"]
[EventRounds "9"]
[EventCountry "FRA"]
[WhiteTeam "Mulhouse Philidor"]
[BlackTeam "L'Echiquier Châlonnais"]

1. e4 d6 2. d4 Nf6 3. Nc3 g6 4. Be3 c6 5. Qd2 b5 6. Bd3 Nbd7 7. Nf3 e5 8. h3
Bg7 9. dxe5 dxe5 10. O-O O-O 11. a4 b4 12. Ne2 a5 13. c3 c5 14. Ng3 Bb7 15. Qc2
Rc8 16. Nd2 Nb6 17. Rfd1 Nfd7 18. Bb5 Rc7 19. Nb3 bxc3 20. Qxc3 Qh4 21. Rd6 f5
22. Rad1 Bc8 23. Qxa5 f4 24. Bxd7 Rxd7 25. Qxb6 Rxd6 26. Qxd6 fxe3 27. Kh2 Bxh3
0-1

[Event "France 2019 - Accession"]
[Site "Chartres"]
[Date "2019.08.19"]
[Round "3.20"]
[White "Suez-Panama, Gilles"]
[Black "Pucher, Sebastien"]
[Result "0-1"]
[WhiteElo "1930"]
[BlackElo "2316"]
[PlyCount "102"]
[EventDate "2019.08.??"]
[EventType "swiss"]
[EventRounds "9"]
[EventCountry "FRA"]
[WhiteTeam "Arsenal"]
[BlackTeam "Club d'Echecs Metz Fischer"]

1. d4 g6 2. Nf3 Bg7 3. c3 d6 4. Bf4 Nd7 5. e3 e5 6. Bg5 Ngf6 7. h3 O-O 8. Be2
h6 9. Bh4 Qe8 10. Bg3 Qe7 11. Bh2 b6 12. Na3 Bb7 13. O-O a6 14. Nc4 Nh7 15. b4
g5 16. Qc2 e4 17. Ne1 f5 18. Nd2 Nhf6 19. c4 c5 20. bxc5 dxc5 21. Rb1 cxd4 22.
exd4 f4 23. d5 Rae8 24. Nb3 Qe5 25. Rd1 Bc8 26. Nd4 Nc5 27. Nc6 Qd6 28. Qb1 Qc7
29. Nc2 Bf5 30. N2d4 Bg6 31. Qb4 h5 32. Rfe1 Kh7 33. a4 Nfd7 34. a5 bxa5 35.
Nxa5 Qd6 36. Ne6 Rb8 37. Nxf8+ Qxf8 38. Qa3 Bb2 39. Qa2 Bc3 40. Rb1 Bxe1 41.
Rxe1 Qf6 42. Rb1 Rxb1+ 43. Qxb1 f3 44. Bf1 e3 45. Qe1 e2 46. gxf3 exf1=Q+ 47.
Kxf1 Qxf3 48. Qe7+ Kh6 49. Kg1 Qd1+ 50. Kg2 Be4+ 51. Kg3 h4# 0-1

[Event "France 2019 - Accession"]
[Site "Chartres"]
[Date "2019.08.19"]
[Round "3.21"]
[White "Dutreuil, Raphael"]
[Black "Dalaud, Dorian"]
[Result "1-0"]
[WhiteElo "2313"]
[BlackElo "2165"]
[PlyCount "59"]
[EventDate "2019.08.??"]
[EventType "swiss"]
[EventRounds "9"]
[EventCountry "FRA"]
[WhiteTeam "U.S.Villejuif Echecs"]
[BlackTeam "Cercle d'Echecs de Nantes"]

1. d4 Nf6 2. c4 g6 3. Nf3 Bg7 4. g3 O-O 5. Bg2 d6 6. O-O c6 7. Nc3 Qa5 8. e4 e5
9. Re1 Re8 10. d5 cxd5 11. cxd5 Bd7 12. h3 b5 13. a3 Qb6 14. Be3 Qb7 15. Nd2 a5
16. Bf1 Bf8 17. a4 b4 18. Nb5 Rc8 19. Qf3 Ne8 20. Nc4 Ra6 21. Rec1 f5 22. exf5
gxf5 23. g4 Be6 24. Bg2 fxg4 25. hxg4 Bf7 26. Nd2 Nd7 27. Ne4 Rxc1+ 28. Rxc1
Bxd5 29. Qf5 Ng7 30. Qxd7 1-0

[Event "France 2019 - Accession"]
[Site "Chartres"]
[Date "2019.08.19"]
[Round "3.22"]
[White "Daeschler, Florian"]
[Black "Pham, Arthur"]
[Result "1-0"]
[WhiteElo "2303"]
[BlackElo "2116"]
[PlyCount "87"]
[EventDate "2019.08.??"]
[EventType "swiss"]
[EventRounds "9"]
[EventCountry "FRA"]
[WhiteTeam "Club d'Echecs de Mundolsheim"]
[BlackTeam "Echecs 16"]

1. d4 d5 2. c4 e6 3. Nf3 Nf6 4. g3 Bb4+ 5. Bd2 Be7 6. Bg2 O-O 7. O-O c6 8. Qc2
Nbd7 9. a4 a5 10. Rc1 Ne4 11. Be1 f5 12. Qb3 Nb6 13. Ne5 Nd7 14. Nd3 dxc4 15.
Qxc4 Nb6 16. Qb3 Qxd4 17. e3 Qd5 18. Qc2 Rd8 19. Nf4 Qd6 20. Na3 Nf6 21. Rd1
Nbd5 22. Bc3 Qc7 23. Bxf6 Nxf6 24. Qc4 Qe5 25. Rxd8+ Bxd8 26. Nc2 Nd5 27. Nd4
Bf6 28. Nxc6 bxc6 29. Qxc6 Nc7 30. Nd3 Bb7 31. Qd7 Bc8 32. Qc6 Bb7 33. Qb6 Ra6
34. Qxb7 Qd6 35. Rc1 Bd8 36. Nf4 Rb6 37. Qf3 Rxb2 38. Rd1 Rd2 39. Rxd2 Qxd2 40.
Qc6 Qd1+ 41. Bf1 Kf7 42. Kg2 g5 43. Nxe6 Nxe6 44. Bc4 1-0

[Event "France 2019 - Accession"]
[Site "Chartres"]
[Date "2019.08.19"]
[Round "3.23"]
[White "Bijaoui, Manuel"]
[Black "Girel, Joseph"]
[Result "1-0"]
[WhiteElo "2433"]
[BlackElo "2157"]
[PlyCount "71"]
[EventDate "2019.08.??"]
[EventType "swiss"]
[EventRounds "9"]
[EventCountry "FRA"]
[WhiteTeam "A.J.E. Noyon"]
[BlackTeam "Marseille-Echecs"]

1. e4 e5 2. Nf3 Nc6 3. Bb5 a6 4. Ba4 Nf6 5. d3 b5 6. Bb3 Bb7 7. O-O Bd6 8. a4
O-O 9. Nc3 b4 10. Ne2 Na5 11. Ba2 b3 12. cxb3 c5 13. Ng3 Re8 14. Ng5 Rf8 15.
Nf5 Bc7 16. Be3 d6 17. f4 Nc6 18. b4 exf4 19. Bxf4 cxb4 20. Nxf7 Rxf7 21. Bxf7+
Kxf7 22. Bg5 Bb6+ 23. Kh1 Bd4 24. Rc1 Be5 25. d4 Nxd4 26. Nxd4 Bxe4 27. Nc6
Bxc6 28. Rxc6 d5 29. Qe2 Qd7 30. Rxa6 Rxa6 31. Qxa6 Bxb2 32. Qe2 Bc3 33. a5 b3
34. a6 b2 35. Bxf6 Bxf6 36. Qxb2 1-0

[Event "France 2019 - Accession"]
[Site "Chartres"]
[Date "2019.08.19"]
[Round "3.24"]
[White "Fantin, Ludwig"]
[Black "Nguyen, Vincent"]
[Result "0-1"]
[WhiteElo "2213"]
[BlackElo "2288"]
[PlyCount "108"]
[EventDate "2019.08.??"]
[EventType "swiss"]
[EventRounds "9"]
[EventCountry "FRA"]
[WhiteTeam "Clermont-Ferrand Echecs"]
[BlackTeam "La tour de Juvisy"]

1. d4 Nf6 2. Nf3 d6 3. Nc3 Bf5 4. Nh4 Bd7 5. e4 e5 6. Nf3 Nc6 7. Bc4 Bg4 8.
dxe5 dxe5 9. Qxd8+ Rxd8 10. Bb5 Bd6 11. Bg5 O-O 12. Nd2 Nd4 13. Bd3 c6 14. f3
Bc8 15. Ne2 Ne6 16. Be3 Nc5 17. Bc4 Nfd7 18. a3 b5 19. Ba2 Nb6 20. O-O-O Nca4
21. Kb1 Ba6 22. Bg5 Rd7 23. Ng3 h6 24. Be3 Rfd8 25. Rc1 b4 26. axb4 Bxb4 27. c3
Bc5 28. Ndf1 Bxe3 29. Nxe3 Rd2 30. b3 Rb2+ 31. Ka1 Rdd2 32. Nc2 Rbxc2 33. Rxc2
Rxc2 34. bxa4 Nxa4 35. Nf5 Rxc3 36. Nd6 Ra3 37. Rc1 c5 38. Nxf7 Nc3 39. Nxh6+
Kh7 40. Rxc3 Rxc3 41. Ng4 Rc2 42. g3 c4 43. Nxe5 c3 44. Bd5 Rxh2 45. Kb1 Bb5
46. Bc6 a6 47. g4 Rd2 48. g5 Be2 49. Be8 Bd1 50. Bg6+ Kg8 51. Bf7+ Kf8 52. Bh5
Bb3 53. f4 Rb2+ 54. Kc1 Rf2 0-1

[Event "France 2019 - Accession"]
[Site "Chartres"]
[Date "2019.08.19"]
[Round "3.25"]
[White "Bacrot, Alexandre"]
[Black "Hingouet, Matthieu"]
[Result "1-0"]
[WhiteElo "2272"]
[BlackElo "2195"]
[PlyCount "111"]
[EventDate "2019.08.??"]
[EventType "swiss"]
[EventRounds "9"]
[EventCountry "FRA"]
[WhiteTeam "La Tour Hyéroise"]
[BlackTeam "Cavalier de la Tourelle Saint-Mande"]

1. e4 c6 2. d4 d5 3. Nd2 dxe4 4. Nxe4 Nf6 5. Nxf6+ exf6 6. c3 Bd6 7. Bd3 O-O 8.
Qc2 Re8+ 9. Ne2 h5 10. Be3 Nd7 11. O-O-O Nf8 12. c4 Be6 13. Kb1 Rc8 14. Nc3 a6
15. c5 Bc7 16. Be4 Ba5 17. d5 cxd5 18. Nxd5 Bxd5 19. Bxd5 Qe7 20. Qa4 Bd8 21.
Bxb7 Qxb7 22. Qxe8 Rb8 23. b3 Bc7 24. Qa4 Qxg2 25. Qc4 Ne6 26. Qd5 Qg4 27. Rhg1
Qb4 28. Rc1 Bxh2 29. Rh1 Be5 30. Qc4 Qa3 31. Rc2 g6 32. c6 a5 33. Rd1 a4 34.
Bc1 Rxb3+ 35. Qxb3 axb3 36. Bxa3 bxc2+ 37. Kxc2 h4 38. Bb2 g5 39. Bxe5 fxe5 40.
Kd3 f5 41. Kc4 Kf7 42. c7 Nxc7 43. Rd7+ Kf6 44. Rxc7 g4 45. Rh7 g3 46. fxg3
hxg3 47. Rh1 f4 48. Kd3 f3 49. Rh3 e4+ 50. Ke3 g2 51. Rg3 Ke7 52. a4 Kd7 53. a5
Kc7 54. a6 Kb6 55. Rg6+ Ka7 56. Kf2 1-0

[Event "France 2019 - Accession"]
[Site "Chartres"]
[Date "2019.08.19"]
[Round "3.26"]
[White "Duquesne, Adrien"]
[Black "Malassagne, Raphael"]
[Result "1-0"]
[WhiteElo "2170"]
[BlackElo "2264"]
[PlyCount "95"]
[EventDate "2019.08.??"]
[EventType "swiss"]
[EventRounds "9"]
[EventCountry "FRA"]
[WhiteTeam "Evry Grand Roque"]
[BlackTeam "Cergy Pontoise Echecs"]

1. d4 Nf6 2. Bf4 g6 3. Nc3 d5 4. Qd2 a6 5. Nf3 Bf5 6. e3 Bg7 7. Be2 O-O 8. Ne5
Nbd7 9. f3 Rc8 10. g4 Be6 11. h4 c5 12. h5 b5 13. Nd1 Nxe5 14. Bxe5 Re8 15.
hxg6 fxg6 16. dxc5 Rxc5 17. Bd3 Kf8 18. Qh2 d4 19. Bxd4 Rd5 20. g5 Rxg5 21. Nc3
Rh5 22. Qg2 Rxh1+ 23. Qxh1 b4 24. Ne2 Qa5 25. b3 Bg8 26. Qh4 e5 27. Bb2 Qc5 28.
O-O-O Qxe3+ 29. Kb1 Qb6 30. Ng3 a5 31. Ne4 Nxe4 32. fxe4 Re7 33. Bc1 h5 34. a4
Bf7 35. Bb5 Bf6 36. Bg5 Kg7 37. Rf1 Bxg5 38. Qxg5 Qd6 39. Be2 Re6 40. Bxh5 Rf6
41. Rh1 Rf4 42. Be2 Rxe4 43. Qh6+ Kf6 44. Bd3 Rf4 45. Qh8+ Ke7 46. Re1 Rf6 47.
Qh2 Rf4 48. Qxf4 1-0

[Event "France 2019 - Accession"]
[Site "Chartres"]
[Date "2019.08.19"]
[Round "3.27"]
[White "Ollier, Milan"]
[Black "Rabineau, Clement"]
[Result "1/2-1/2"]
[WhiteElo "2252"]
[BlackElo "2213"]
[PlyCount "65"]
[EventDate "2019.08.??"]
[EventType "swiss"]
[EventRounds "9"]
[EventCountry "FRA"]
[WhiteTeam "Echiquier Médocain"]
[BlackTeam "C.E. de Rueil Malmaison"]

1. e4 d6 2. d4 g6 3. Bc4 Nf6 4. Qe2 Nc6 5. Nf3 Bg4 6. c3 Bg7 7. Nbd2 e5 8. h3
Bd7 9. dxe5 Nxe5 10. Nxe5 dxe5 11. b3 O-O 12. a4 a6 13. a5 Nh5 14. Ba3 Re8 15.
g3 Bf8 16. Bxf8 Rxf8 17. b4 Qc8 18. h4 b5 19. axb6 cxb6 20. O-O a5 21. Bd5 Ra7
22. Nc4 Bb5 23. bxa5 bxa5 24. Rfb1 Bxc4 25. Bxc4 Rc7 26. Ba6 Qh3 27. Qf1 Qxf1+
28. Bxf1 Nf6 29. Rxa5 Nxe4 30. c4 Nd2 31. Rd1 Nxc4 32. Bxc4 Rxc4 33. Rxe5
1/2-1/2

[Event "France 2019 - Accession"]
[Site "Chartres"]
[Date "2019.08.19"]
[Round "3.28"]
[White "Favarel, Camille"]
[Black "Albaric, Etienne"]
[Result "1/2-1/2"]
[WhiteElo "2207"]
[BlackElo "2250"]
[PlyCount "95"]
[EventDate "2019.08.??"]
[EventType "swiss"]
[EventRounds "9"]
[EventCountry "FRA"]
[WhiteTeam "L'Echiquier du Roy René"]
[BlackTeam "Lutèce Echecs"]

1. d4 Nf6 2. Nf3 e6 3. Bf4 c5 4. e3 b6 5. Nc3 Nh5 6. Bg5 Be7 7. Bxe7 Qxe7 8.
Ne5 Nf6 9. Qf3 d5 10. Bb5+ Bd7 11. Nxd7 Nbxd7 12. O-O O-O 13. Rad1 a6 14. Bxd7
Nxd7 15. e4 cxd4 16. Rxd4 Ne5 17. Qg3 Nc6 18. Rd2 d4 19. Ne2 Qc5 20. Rfd1 e5
21. c3 Rfd8 22. cxd4 exd4 23. Nf4 Ne7 24. Nd5 Nc6 25. Qd3 Qb5 26. Rc2 Rxd5 27.
exd5 Qxd3 28. Rxd3 Nb4 29. Rcd2 Nxd3 30. Rxd3 Rc8 31. Kf1 Kf8 32. Rxd4 Rc2 33.
d6 Ke8 34. Rb4 Rc6 35. Rd4 Kd7 36. Ke2 Rxd6 37. Ke3 Rxd4 38. Kxd4 Kd6 39. b4
Ke6 40. Ke4 Kd6 41. f4 Kc6 42. a4 Kd6 43. g4 f6 44. f5 Kc6 45. h4 h6 46. h5 b5
47. a5 Kd6 48. Kd4 1/2-1/2

[Event "France 2019 - Accession"]
[Site "Chartres"]
[Date "2019.08.19"]
[Round "3.29"]
[White "Giacomini, Hector"]
[Black "Defromont, Benjamin"]
[Result "1/2-1/2"]
[WhiteElo "2156"]
[BlackElo "2236"]
[PlyCount "87"]
[EventDate "2019.08.??"]
[EventType "swiss"]
[EventRounds "9"]
[EventCountry "FRA"]
[WhiteTeam "Echiquier Tourangeau"]
[BlackTeam "Cannes Echecs"]

1. Nf3 e6 2. d4 f5 3. Bf4 Nf6 4. e3 b6 5. Be2 Bb7 6. O-O Be7 7. h3 O-O 8. c4
Ne4 9. Nfd2 Nxd2 10. Nxd2 d6 11. Bf3 Qc8 12. Bxb7 Qxb7 13. Qf3 Qxf3 14. Nxf3
Nd7 15. Rfd1 Rfd8 16. Rd2 Bf6 17. Rad1 a5 18. Kf1 Re8 19. Bh2 g5 20. g4 h5 21.
gxf5 exf5 22. Ne1 Kf7 23. Nd3 Re7 24. Rc2 Nf8 25. c5 dxc5 26. dxc5 Ne6 27. cxb6
cxb6 28. Ne5+ Bxe5 29. Bxe5 Nc5 30. Bd4 Rd8 31. Rdc1 Nd3 32. Rd1 Nb4 33. Rcd2
Red7 34. Ke2 b5 35. b3 Nc6 36. Rc1 Nxd4+ 37. Rxd4 Rxd4 38. exd4 Rxd4 39. Rc5
Ke6 40. Rxb5 Rd5 41. Rb8 Ke5 42. Kf3 Rd3+ 43. Kg2 a4 44. Rb5+ 1/2-1/2

[Event "France 2019 - Accession"]
[Site "Chartres"]
[Date "2019.08.19"]
[Round "3.30"]
[White "Pottier, Simeon"]
[Black "Kollar, Romain"]
[Result "0-1"]
[WhiteElo "2162"]
[BlackElo "2214"]
[PlyCount "70"]
[EventDate "2019.08.??"]
[EventType "swiss"]
[EventRounds "9"]
[EventCountry "FRA"]
[WhiteTeam "LEC Echiquier Limousin"]
[BlackTeam "Club d'Echecs de la Bruffière"]

1. d4 Nf6 2. c4 c5 3. d5 e6 4. Nc3 exd5 5. cxd5 d6 6. e4 g6 7. f4 Bg7 8. Bb5+
Nfd7 9. a4 O-O 10. Nf3 Na6 11. O-O Nb4 12. Re1 a6 13. Bf1 Nf6 14. h3 Re8 15.
Bc4 Nd7 16. Be3 b6 17. Bf2 Bb7 18. Bh4 Bf6 19. Bg3 Qc7 20. Qd2 Bd4+ 21. Kh1 Nf6
22. Bd3 Nh5 23. Bh2 Bf2 24. Rf1 Bg3 25. Bb1 Qe7 26. Ng1 a5 27. Ra3 Ba6 28. Nce2
Bxh2 29. Kxh2 Nf6 30. f5 Nxe4 31. Bxe4 Qxe4 32. f6 Qe5+ 33. Rg3 Nxd5 34. Qh6
Nxf6 35. Rf4 Qh5 0-1

[Event "France 2019 - Accession"]
[Site "Chartres"]
[Date "2019.08.19"]
[Round "3.31"]
[White "Papadiamandis, Elliot"]
[Black "Bournel, Antoine"]
[Result "1/2-1/2"]
[WhiteElo "2216"]
[BlackElo "2259"]
[PlyCount "124"]
[EventDate "2019.08.??"]
[EventType "swiss"]
[EventRounds "9"]
[EventCountry "FRA"]
[WhiteTeam "C.E. de  Bois-Colombes"]
[BlackTeam "L'Echiquier Châlonnais"]

1. e4 c5 2. Nf3 g6 3. c4 Bg7 4. d4 cxd4 5. Nxd4 Nc6 6. Be3 Nf6 7. Nc3 O-O 8.
Be2 d6 9. O-O Bd7 10. Nc2 Rc8 11. f3 Be6 12. Na3 Nd7 13. Qd2 f5 14. exf5 Bxf5
15. f4 Nf6 16. h3 Ne4 17. Nxe4 Bxe4 18. Rad1 a6 19. Nb1 Qa5 20. Qxa5 Nxa5 21.
Nd2 Bf5 22. b3 Nc6 23. Bf3 Nb4 24. Ne4 Nxa2 25. Bd2 b5 26. Ra1 Bxa1 27. Rxa1
bxc4 28. bxc4 Rxc4 29. Nf2 Rc2 30. Rxa2 Rfc8 31. Rxc2 Rxc2 32. Bb4 Rb2 33. Bc3
Rb1+ 34. Kh2 Rc1 35. Bb4 Kf8 36. g4 Rc4 37. Bd2 Rc2 38. Be1 Bd7 39. Kg3 e6 40.
Ne4 Ke7 41. Bb4 Rc6 42. Be2 Bc8 43. h4 Rb6 44. Bc3 Rb3 45. Bd1 Ra3 46. Bf3 a5
47. Bf6+ Kd7 48. Nc3 Ba6 49. Kf2 Bc4 50. Bd1 Kc6 51. Bd4 Bb3 52. Be2 Ra1 53.
Bb5+ Kb7 54. Ne4 Ra2+ 55. Ke3 Kc7 56. Nd2 Bd5 57. Kd3 Bc6 58. Bc4 Ra3+ 59. Bc3
d5 60. Bb3 Ba4 61. Bxa5+ Kd7 62. Bb4 Rxb3+ 1/2-1/2

[Event "France 2019 - Accession"]
[Site "Chartres"]
[Date "2019.08.19"]
[Round "3.32"]
[White "Decuigniere, Tom"]
[Black "Viel, Simon"]
[Result "1-0"]
[WhiteElo "2211"]
[BlackElo "2252"]
[PlyCount "87"]
[EventDate "2019.08.??"]
[EventType "swiss"]
[EventRounds "9"]
[EventCountry "FRA"]
[WhiteTeam "Ecole Française d'Echecs de Metz"]
[BlackTeam "Echecs Plus de Cherbourg-Octeville"]

1. d4 e6 2. c4 Bb4+ 3. Nd2 Nf6 4. Ngf3 O-O 5. a3 Be7 6. e4 d5 7. e5 Nfd7 8. b4
a5 9. b5 c5 10. bxc6 bxc6 11. g3 c5 12. Bb2 Nc6 13. cxd5 exd5 14. Bb5 Rb8 15.
Bxc6 Rxb2 16. Qc1 Rb8 17. O-O cxd4 18. Re1 Nc5 19. Qc2 Ne6 20. Nb3 Qb6 21. Bxd5
Rd8 22. Bxe6 Bxe6 23. Nbxd4 Rxd4 24. Reb1 Rb4 25. axb4 axb4 26. Qe4 g6 27. Nd4
Rc8 28. Ra8 Rxa8 29. Qxa8+ Kg7 30. Nxe6+ Qxe6 31. Qe4 Qa2 32. e6 Qxe6 33. Qxe6
fxe6 34. Kg2 Kf6 35. f4 e5 36. Kf3 exf4 37. Kxf4 h5 38. Rb3 g5+ 39. Ke4 g4 40.
Rd3 Bc5 41. Rd5 Bg1 42. Rxh5 b3 43. Rb5 Bxh2 44. Kf4 1-0

[Event "France 2019 - Accession"]
[Site "Chartres"]
[Date "2019.08.19"]
[Round "3.33"]
[White "Salles, Louis"]
[Black "Razafindratsima, Timothe"]
[Result "0-1"]
[WhiteElo "2248"]
[BlackElo "2230"]
[PlyCount "72"]
[EventDate "2019.08.??"]
[EventType "swiss"]
[EventRounds "9"]
[EventCountry "FRA"]
[WhiteTeam "C'Chartres Echecs"]
[BlackTeam "Cannes Echecs"]

1. d4 Nf6 2. c4 g6 3. Nc3 d5 4. cxd5 Nxd5 5. Bd2 Bg7 6. e4 Nxc3 7. Bxc3 O-O 8.
Bc4 c5 9. d5 Bxc3+ 10. bxc3 Qa5 11. Ne2 b5 12. Bb3 c4 13. Bc2 e6 14. h4 exd5
15. h5 Qb6 16. Nf4 Bb7 17. Nxd5 Bxd5 18. Qxd5 Rd8 19. Qg5 Nc6 20. Kf1 Qc7 21.
Re1 Qe5 22. Qh6 Rd7 23. Rh3 Rad8 24. Qe3 Rd2 25. f4 Qf6 26. Re2 Rxe2 27. Kxe2
b4 28. e5 Qe6 29. hxg6 fxg6 30. Be4 bxc3 31. Qxc3 Nd4+ 32. Ke3 Qa6 33. a3 Qa4
34. Qb4 Nc2+ 35. Bxc2 Qxc2 36. Kf3 Rd3+ 0-1

[Event "France 2019 - Accession"]
[Site "Chartres"]
[Date "2019.08.19"]
[Round "3.34"]
[White "Coiffait, Pierre-Basile"]
[Black "Pourquet, Matthieu"]
[Result "1/2-1/2"]
[WhiteElo "2231"]
[BlackElo "2209"]
[PlyCount "73"]
[EventDate "2019.08.??"]
[EventType "swiss"]
[EventRounds "9"]
[EventCountry "FRA"]
[WhiteTeam "L'Echiquier du Pays de Bray"]
[BlackTeam "Vandoeuvre-Echecs"]

1. e4 e6 2. d4 d5 3. Nd2 c5 4. exd5 Qxd5 5. dxc5 Nf6 6. Ngf3 Qxc5 7. Nb3 Qc7 8.
Bd3 Be7 9. O-O O-O 10. Bg5 Nbd7 11. Re1 Re8 12. Qe2 Bf8 13. c3 b6 14. Rad1 Bb7
15. Ba6 Bd6 16. Bb5 Rad8 17. Bxf6 gxf6 18. Rd4 e5 19. Rc4 Qb8 20. Nh4 Kh8 21.
Rd1 Rg8 22. Qh5 Nc5 23. Rg4 Rxg4 24. Qxg4 Bf8 25. Nxc5 bxc5 26. Rd7 Qc8 27. Qd1
Rxd7 28. Qxd7 Qxd7 29. Bxd7 Bd5 30. b3 c4 31. b4 Bh6 32. Nf5 Bd2 33. Ne3 Be4
34. Nxc4 Bxc3 35. a3 Kg7 36. Nd6 Bd5 37. Bf5 1/2-1/2